| 000 | 005060000a22001930004500 | ||
|---|---|---|---|
| 001 | 002532 | ||
| 003 | MACL | ||
| 005 | 20150716150021.0 | ||
| 008 | 150716b xxu||||| |||| 00| 0 eng d | ||
| 040 |
_aMACL _cMACL |
||
| 041 | _aEnglish | ||
| 082 | _a323.352/GHO | ||
| 100 |
_aGhosh, Arun _92363 |
||
| 245 |
_aA Primer of The Convention on The Rights of The Child _cArun Ghosh |
||
| 260 |
_aCalcutta _c1998 _bOxford uni. Press, |
||
| 350 | _a125 | ||
| 650 |
_aPolitical Science _988 |
||
| 942 |
_k323 _cBK _2ddc |
||
| 999 |
_c14442 _d14442 |
||